La educación en el laberinto tecnológico : de la escritura a las máquinas digitales /

Gardado en:
Detalles Bibliográficos
Autor Principal: Area Moreira, Manuel (autor)
Outros autores: Rodríguez González, Raquel (coord.) (coord.)
Formato: Libro
Idioma:Lingua castelá
Publicado: Barcelona, España : Octaedro : Ediciones Universitarias de Barcelona, 2005, c2005
Series:(Educación Octaedro)
Temas:
Etiquetas: Engadir etiqueta
Sen Etiquetas, Sexa o primeiro en etiquetar este rexistro!

MARC

LEADER 00000nam^a2200000^a^4500
001 000299904
005 20250521000000.0
008 100518 20052005
009 20260310112452.206
020 |a 84-8063-740-4 
037 |a Acervo ITESO - Biblioteca 
041 |a ESP 
082 |a 371. 334  |b ARE 
100 |a Area Moreira, Manuel  |e (autor) 
245 1 3 |a La educación en el laberinto tecnológico :  |b de la escritura a las máquinas digitales /  |c M. Area Moreira. 
264 4 |a Barcelona, España :  |b Octaedro :  |b Ediciones Universitarias de Barcelona,  |c 2005, c2005 
300 |a 219 p. 
336 |a texto  |b txt  |2 rdacontenido 
337 |a sin mediación  |b n  |2 rdamedio 
338 |a volumen  |b nc  |2 rdasoporte 
440 |a (Educación Octaedro) 
649 |a XX 
650 |a Sociedad Postindustrial 
650 |a Computadoras en la Educación -  |x Tema Principal 
650 |a Tecnologías de Comunicación e Información -  |x Tema Principal 
650 |a Tecnologías de Comunicación e Información -  |x Aspectos Sociales y Culturales 
650 |a Internet -  |x Aspectos Sociales y Culturales 
650 |a Medios de Comunicación -  |x Función Educativa-Cultural 
650 |a Apoyos Didácticos 
650 |a Metodología Educativa 
650 |a Educación a Distancia -  |x Tema Principal 
650 |a Educación 
700 |a Rodríguez González, Raquel  |e (coord.) 
910 |a Fondo General 
920 |a Impresos - Libros 
930 |a Colección General 
905 |a 101 
901 |a 0500185610  |b IT1  |c ACC  |i C121909  |u 20250521 
902 |a https://opac.biblio.iteso.mx/vufind/Record/000299904